|
|
|
|
| LEADER |
00000cam a2200000 7i4500 |
| 001 |
0000000801 |
| 005 |
20001010.0 |
| 020 |
0 |
0 |
|a 9839554085
|
| 090 |
0 |
0 |
|a 634.95
|b KLE 1997
|
| 100 |
1 |
0 |
|a KLEINhMichael
|
| 245 |
1 |
4 |
|a The theory and application of a systems approach to silvicultural decision making
|c Michael Klein
|
| 260 |
0 |
0 |
|a Sabah :
|b Forest Research Centre ,
|c 1997
|
| 300 |
|
|
|a ix, 157 p. :
|b ill. ;
|c 26 cm.
|
| 500 |
0 |
0 |
|a Bibliography: [p. 135-145]
|
| 650 |
0 |
0 |
|a Forest management
|x Decision-making
|
| 650 |
0 |
0 |
|a Silvicultural systems
|x Decision-making
|
| 999 |
|
|
|a 0000001795
|b Monograph
|c Open Shelf
|e Default branch
|